Most common pub names in England - Statistics

General Stats
  • This quiz has been taken 1,328 times
  • The average score is 7 of 25
Answer Stats
Number of Pubs Answer % Correct
518 Red Lion
72%
240 Kings Head
53%
212 Queens Head
49%
225 Kings Arms
40%
436 Crown
34%
300 White Horse
34%
208 Black Horse
30%
320 White Hart
30%
150 White Lion
30%
183 George
28%
270 Swan
28%
434 Royal Oak
26%
252 Rose and Crown
23%
175 Victoria
23%
143 Fox and Hounds
19%
202 Ship
19%
177 Prince of Wales
18%
238 Bell
16%
216 Plough
16%
192 Railway
16%
147 Coach and Horses
14%
151 Star
14%
216 Wheatsheaf
12%
267 New Inn
10%
155 Greyhound
6%
No matching quizzes found
Score Distribution
Percent of People with Each Score
Percentile by Number Answered
Your Score History
You have not taken this quiz